000
00250nam a22000977a 4500
008
160512b xxu||||| |||| 00| 0 eng d
041
_a
eng
080
_a
612.39
245
_a
Pjesa praktike nga bioteknologjia ushqimore:
_c
Gafur Xhabiri;
942
_2
udc
_c
BK
999
_c
2125
_d
2125